000 00223 a2200097 4500
001 13094
100 _aHawthorne, N.
245 _aBlithedale Romance Nathaniel Hawthorne
260 _a
_bW.W. Norton
_c
090 _c10096
_d10096
942 _aNUST-CAE
_cM
_c110
999 _c248167
_d248167